| 000 | 00850nam a2200253 a 4500 | ||
|---|---|---|---|
| 001 | 000042273 | ||
| 005 | 20201002040038.0 | ||
| 008 | 131121s2003 sp ac 000 0 spa d | ||
| 020 | _a8466610618 | ||
| 040 |
_aDO-SdBNP _bspa _cBNPHU |
||
| 082 |
_axxx _bA388Ó |
||
| 100 | 1 |
_aOsorio, Alfonso _d1923-2018 _969309 |
|
| 245 | 1 | 0 |
_aAlfonso XIII / _cAlfonso Osorio, Gabriel Cardona. |
| 260 |
_aBarcelona : _bEdiciones B, _c2003. |
||
| 300 |
_axvi, 243 p. : _bil., retrs. ; _c21 cm. |
||
| 490 | 1 |
_aCara & cruz ; _v1 ; |
|
| 500 | _aIncluye índice onomástico | ||
| 500 | _aIncluye notas | ||
| 500 | _aIncluye datos biográficos de los autores en la solapa de la cubierta y contracubierta. | ||
| 504 | _aBibliografía p: 229-234 | ||
| 590 | _aInventariado, 2019/ YL | ||
| 700 | 1 | 2 |
_aCardona, Gabriel _d1938-2011 _969310 |
| 830 | 0 |
_aCara & cruz _n1 _969311 |
|
| 999 |
_c41762 _d41762 |
||